000 00346nam a2200133Ia 4500
008 240624s9999 xx 000 0 und d
041 _aeng
082 _a658.3 TRU
100 _aTRUSS CAHTERINE
245 _aSTRATEGIC HUMAN RESOURCE MANAGEMENT
260 _c2014
_aNew Delhi
_bOxford
300 _axxiii, : 357 : p. : cm. ; 26
365 _cRS
_b31
999 _c24965
_d24965